000
00284nam a2200109Ia 4500
008
200302s9999 xx 000 0 und d
100
_a
Henri Stierlin
245
_a
Hindu India From Khajuraho to the Temple City of Madurai
260
_b
Taschen Gmbh
260
_c
2002
300
_a
237 P.,
999
_c
2418
_d
2418